00494nam a2200181 a 4500008004100000020001500041050001600056100002900072245004200101250001200143260003500155300003100190350000900221500001700230650002500247650001500272700002500287120416s1988 ||||||||||||||||| || u a0314623175 aHF 5549 Mat aMathis, Robert L., 1944-10aPersonnel/human resource management / a5th ed. aSt. Paul :bWest Pub. Coc1988 axxxiv, 639, [17] p. : ill. a0.00 aBibliography 0aPERSONNEL MANAGEMENT 0aMANAGEMENT aJackson, John Harold